Cameroon : Requests for Three-Year Arrangements Under the Extended Credit Facility and the Extended Fund Facility-Press Release; Staff Report; Staff Statement; and Statement by the Executive Director for Cameroon.

Cameroon, the largest economy in the Central African Economic and Monetary Union (CEMAC), continues to face the repercussions of the COVID-19 pandemic. Since the onset of the pandemic, the IMF's Executive Board has approved two disbursements under the Rapid Credit Facility (RCF) totaling SDR 27...

Descrizione completa

Dettagli Bibliografici
Ente Autore: International Monetary Fund. African Dept
Natura: Periodico
Lingua:English
Pubblicazione: Washington, D.C. : International Monetary Fund, 2022.
Serie:IMF Staff Country Reports; Country Report ; No. 2021/181
Accesso online:Full text available on IMF
LEADER 02228cas a2200253 a 4500
001 AALejournalIMF022673
008 230101c9999 xx r poo 0 0eng d
020 |c 20.00 USD 
020 |z 9798400207259 
022 |a 2790-4458 
040 |a BD-DhAAL  |c BD-DhAAL 
110 2 |a International Monetary Fund. African Dept. 
240 1 0 |a Cameroon: Requests for Three-Year Arrangements Under the Extended Credit Facility and the Extended Fund Facility-Press Release; Staff Report; Staff Statement; and Statement by the Executive Director for Cameroon.  |l French 
245 1 0 |a Cameroon :   |b Requests for Three-Year Arrangements Under the Extended Credit Facility and the Extended Fund Facility-Press Release; Staff Report; Staff Statement; and Statement by the Executive Director for Cameroon. 
264 1 |a Washington, D.C. :  |b International Monetary Fund,  |c 2022. 
300 |a 1 online resource (123 pages) 
490 1 |a IMF Staff Country Reports 
500 |a <strong>Off-Campus Access:</strong> No User ID or Password Required 
500 |a <strong>On-Campus Access:</strong> No User ID or Password Required 
506 |a Electronic access restricted to authorized BRAC University faculty, staff and students 
520 3 |a Cameroon, the largest economy in the Central African Economic and Monetary Union (CEMAC), continues to face the repercussions of the COVID-19 pandemic. Since the onset of the pandemic, the IMF's Executive Board has approved two disbursements under the Rapid Credit Facility (RCF) totaling SDR 276 million, about USD 382 million or 100 percent of Cameroon's quota. Cameroon's last arrangement under the Extended Credit Facility (ECF) ended in September 2020, without completion of the sixth and final review. The authorities have requested new arrangements from the IMF to help maintain external sustainability, implement their ambitious reform agenda-laid out in the National Development Strategy for 2020-30 (SND30)-and catalyze financial support from other donors. 
538 |a Mode of access: Internet 
830 0 |a IMF Staff Country Reports; Country Report ;  |v No. 2021/181 
856 4 0 |z Full text available on IMF  |u https://elibrary.imf.org/openurl?genre=journal&issn=2790-4458&volume=2021&issue=181  |z IMF e-Library